[Event "C14"]
[Site "?"]
[Date "2016.08.07"]
[Round "12.2"]
[White "Psyk, Radoslaw"]
[Black "Pultorak, Jan"]
[Result "1-0"]
[LiveChessVersion "1.4.8"]
[BlackElo "1821"]
[WhiteElo "2089"]

1. e4 {[%clk 0:03:02]} c5 {[%clk 0:03:03]} 2. Nf3 {[%clk 0:03:00]} d6
{[%clk 0:03:05]} 3. c3 {[%clk 0:03:01]} Nf6 {[%clk 0:03:03]} 4. Be2
{[%clk 0:03:02]} Bd7 {[%clk 0:03:04]} 5. d3 {[%clk 0:03:02]} Nc6 {[%clk 0:03:03]}
6. O-O {[%clk 0:03:02]} g6 {[%clk 0:03:02]} 7. Nbd2 {[%clk 0:03:00]} Bg7
{[%clk 0:02:53]} 8. Nc4 {[%clk 0:02:49]} O-O {[%clk 0:02:50]} 9. Be3
{[%clk 0:02:41]} b5 {[%clk 0:02:50]} 10. Ncd2 {[%clk 0:02:39]} b4
{[%clk 0:02:47]} 11. Qc2 {[%clk 0:02:10]} Rc8 {[%clk 0:02:32]} 12. Nc4
{[%clk 0:02:05]} Be6 {[%clk 0:02:08]} 13. Nfd2 {[%clk 0:01:50]} Qc7
{[%clk 0:01:35]} 14. Bf4 {[%clk 0:01:21]} Nd7 {[%clk 0:01:09]} 15. Bg3
{[%clk 0:01:15]} Na5 {[%clk 0:01:09]} 16. Ne3 {[%clk 0:01:02]} Nc6
{[%clk 0:00:48]} 17. f4 {[%clk 0:01:00]} Nb6 {[%clk 0:00:46]} 18. f5
{[%clk 0:01:01]} Bd7 {[%clk 0:00:46]} 19. Nf3 {[%clk 0:00:49]} bxc3
{[%clk 0:00:36]} 20. bxc3 {[%clk 0:00:50]} Rb8 {[%clk 0:00:34]} 21. Rab1
{[%clk 0:00:49]} Rfc8 {[%clk 0:00:29]} 22. Ng5 {[%clk 0:00:48]} h6
{[%clk 0:00:26]} 23. Nh3 {[%clk 0:00:24]} g5 {[%clk 0:00:27]} 24. Nf2
{[%clk 0:00:22]} Be5 {[%clk 0:00:24]} 25. Nfg4 {[%clk 0:00:19]} Bxg3
{[%clk 0:00:24]} 26. hxg3 {[%clk 0:00:18]} Kg7 {[%clk 0:00:23]} 27. f6+
{[%clk 0:00:18]} exf6 {[%clk 0:00:24]} 28. Nxf6 {[%clk 0:00:19]} Ne5
{[%clk 0:00:22]} 29. Bh5 {[%clk 0:00:15]} Be6 {[%clk 0:00:19]} 30. Qd2
{[%clk 0:00:11]} Nbd7 {[%clk 0:00:17]} 31. Rxb8 {[%clk 0:00:10]} Qxb8
{[%clk 0:00:17]} 32. Nfd5 {[%clk 0:00:11]} Nb6 {[%clk 0:00:15]} 33. Qf2
{[%clk 0:00:10]} Qb7 {[%clk 0:00:11]} 34. Qf6+ {[%clk 0:00:10]} Kg8
{[%clk 0:00:09]} 35. Qxh6 {[%clk 0:00:11]} Nxd5 {[%clk 0:00:10]} 36. Qxg5+
{[%clk 0:00:09]} Kf8 {[%clk 0:00:11]} 37. exd5 {[%clk 0:00:06]} Bxd5
{[%clk 0:00:12]} 38. Qf6 {[%clk 0:00:05]} Bxg2 {[%clk 0:00:05]} 39. Qxd6+
{[%clk 0:00:06]} Kg7 {[%clk 0:00:05]} 40. Qxe5+ {[%clk 0:00:07]} Kg8
{[%clk 0:00:07]} 41. Qg5+ {[%clk 0:00:08]} Kf8 {[%clk 0:00:08]} 42. Qh6+
{[%clk 0:00:09]} Ke7 {[%clk 0:00:09]} 43. Rxf7+ {[%clk 0:00:10]} 1-0

[Event "C14"]
[Site "?"]
[Date "2016.08.07"]
[Round "12.3"]
[White "Lis, Mateusz"]
[Black "Szpar, Milosz"]
[Result "1/2-1/2"]
[LiveChessVersion "1.4.8"]
[BlackElo "2000"]
[WhiteElo "1977"]

1. e4 {[%clk 0:03:03]} c5 {[%clk 0:03:04]} 2. Nf3 {[%clk 0:03:05]} Nc6
{[%clk 0:03:05]} 3. d4 {[%clk 0:03:06]} cxd4 {[%clk 0:03:06]} 4. Nxd4 g6
{[%clk 0:03:03]} 5. c4 {[%clk 0:03:08]} Bg7 {[%clk 0:03:05]} 6. Be3
{[%clk 0:03:09]} Nf6 {[%clk 0:03:06]} 7. Nc3 {[%clk 0:03:11]} Ng4
{[%clk 0:03:05]} 8. Qxg4 {[%clk 0:03:08]} Nxd4 {[%clk 0:03:06]} 9. Qd1
{[%clk 0:03:09]} Ne6 {[%clk 0:03:07]} 10. Be2 {[%clk 0:03:04]} O-O
{[%clk 0:03:02]} 11. O-O {[%clk 0:03:05]} d6 {[%clk 0:03:01]} 12. Rc1
{[%clk 0:03:00]} Nc5 {[%clk 0:02:52]} 13. f3 {[%clk 0:02:58]} f5 {[%clk 0:02:46]}
14. b4 {[%clk 0:02:53]} Nd7 {[%clk 0:02:35]} 15. exf5 {[%clk 0:02:38]} gxf5
{[%clk 0:02:36]} 16. c5 {[%clk 0:02:37]} dxc5 {[%clk 0:02:15]} 17. bxc5
{[%clk 0:02:38]} Ne5 {[%clk 0:01:56]} 18. Qb3+ {[%clk 0:02:31]} Kh8
{[%clk 0:01:31]} 19. Rfd1 {[%clk 0:02:31]} Qe8 {[%clk 0:01:22]} 20. Nb5
{[%clk 0:02:01]} Qg6 {[%clk 0:01:21]} 21. Nc7 {[%clk 0:02:01]} Rb8
{[%clk 0:01:22]} 22. Bf4 {[%clk 0:01:55]} Nc6 {[%clk 0:00:58]} 23. Nd5
{[%clk 0:01:29]} e5 {[%clk 0:00:58]} 24. Be3 {[%clk 0:01:21]} Be6
{[%clk 0:01:00]} 1/2-1/2

[Event "C14"]
[Site "?"]
[Date "2016.08.07"]
[Round "12.4"]
[White "Szczurek, Krzysztof"]
[Black "Kosakowski, Jakub"]
[Result "0-1"]
[LiveChessVersion "1.4.8"]
[BlackElo "2191"]
[WhiteElo "1939"]

1. e4 {[%clk 0:03:02]} c5 {[%clk 0:03:02]} 2. Nf3 {[%clk 0:03:03]} d6 3. d4 cxd4
{[%clk 0:03:05]} 4. Nxd4 {[%clk 0:03:06]} Nf6 {[%clk 0:03:06]} 5. Nc3
{[%clk 0:03:07]} a6 {[%clk 0:03:06]} 6. Nb3 {[%clk 0:03:08]} Nbd7
{[%clk 0:03:07]} 7. Bg5 {[%clk 0:03:09]} b5 {[%clk 0:03:06]} 8. a3 Bb7
{[%clk 0:03:07]} 9. Bd3 {[%clk 0:03:09]} h6 {[%clk 0:03:08]} 10. Bh4
{[%clk 0:03:10]} e6 {[%clk 0:03:09]} 11. Qd2 {[%clk 0:03:09]} Be7
{[%clk 0:03:10]} 12. Bg3 {[%clk 0:03:09]} Rc8 {[%clk 0:03:09]} 13. O-O-O
{[%clk 0:03:06]} O-O {[%clk 0:03:09]} 14. f3 {[%clk 0:03:05]} Qc7
{[%clk 0:03:07]} 15. Be2 {[%clk 0:02:59]} Ne5 {[%clk 0:03:07]} 16. Kb1
{[%clk 0:02:52]} Rfd8 {[%clk 0:03:08]} 17. Bf2 {[%clk 0:02:48]} Nc4
{[%clk 0:03:07]} 18. Bxc4 {[%clk 0:02:46]} bxc4 {[%clk 0:03:07]} 19. Nd4
{[%clk 0:02:46]} d5 {[%clk 0:03:07]} 20. Bg3 {[%clk 0:02:45]} Bd6
{[%clk 0:03:05]} 21. Bh4 {[%clk 0:02:37]} Be7 {[%clk 0:02:56]} 22. Qe2
{[%clk 0:02:24]} dxe4 {[%clk 0:02:54]} 23. fxe4 {[%clk 0:02:20]} Nxe4
{[%clk 0:02:49]} 24. Nxe4 {[%clk 0:02:20]} Bxh4 {[%clk 0:02:50]} 25. Rhf1
{[%clk 0:02:03]} Qe5 {[%clk 0:02:49]} 26. Nc3 {[%clk 0:01:50]} Qxe2
{[%clk 0:02:49]} 27. Ncxe2 {[%clk 0:01:51]} Bxg2 {[%clk 0:02:50]} 28. Rg1
{[%clk 0:01:52]} Bb7 {[%clk 0:02:49]} 29. Rg4 {[%clk 0:01:50]} Bf6
{[%clk 0:02:49]} 30. Rf1 {[%clk 0:01:50]} Kf8 {[%clk 0:02:49]} 31. c3
{[%clk 0:01:38]} Rc5 {[%clk 0:02:45]} 32. Nf4 {[%clk 0:01:20]} Ke7
{[%clk 0:02:41]} 33. Re1 {[%clk 0:01:15]} Re5 {[%clk 0:02:40]} 34. Reg1
{[%clk 0:00:55]} Re4 {[%clk 0:02:40]} 35. Nc2 {[%clk 0:00:36]} Rd2
{[%clk 0:02:38]} 36. Nh5 {[%clk 0:00:28]} Rxg4 {[%clk 0:02:35]} 37. Rxg4
{[%clk 0:00:30]} Bf3 {[%clk 0:02:36]} 38. Nxf6 {[%clk 0:00:26]} gxf6
{[%clk 0:02:29]} 39. Rxc4 {[%clk 0:00:27]} f5 {[%clk 0:02:30]} 40. Nd4
{[%clk 0:00:18]} Be4+ {[%clk 0:02:30]} 41. Kc1 {[%clk 0:00:19]} Rxh2
{[%clk 0:02:30]} 42. Rc7+ {[%clk 0:00:18]} Kf6 {[%clk 0:02:31]} 43. Ra7
{[%clk 0:00:16]} h5 {[%clk 0:02:28]} 44. Rxa6 {[%clk 0:00:17]} h4
{[%clk 0:02:29]} 45. c4 {[%clk 0:00:16]} h3 {[%clk 0:02:30]} 46. c5
{[%clk 0:00:15]} Rg2 {[%clk 0:02:30]} 47. c6 {[%clk 0:00:14]} h2 {[%clk 0:02:31]}
0-1

[Event "C14"]
[Site "?"]
[Date "2016.08.07"]
[Round "12.5"]
[White "Mis, Mieszko"]
[Black "Golenia, Jan"]
[Result "1-0"]
[LiveChessVersion "1.4.8"]
[BlackElo "1754"]
[WhiteElo "1863"]

1. d4 d5 2. Bg5 Nf6 3. Bxf6 exf6 4. Nf3 c6 5. e3 Bf5 6. c4 dxc4 7. Bxc4 Bd6 8.
O-O O-O 9. Nc3 Nd7 10. Rc1 Nb6 11. Bd3 Bg4 12. h3 Bh5 13. Be2 Re8 14. a3 Qe7 15.
Nd2 Bg6 16. b4 Rad8 17. Na4 Nd5 18. Nc5 f5 19. Bf3 f4 20. e4 Bxc5 21. bxc5 Nc7
22. Nc4 Nb5 23. a4 Nxd4 24. Nd6 Nxf3+ 25. Qxf3 Rf8 26. Qxf4 b6 27. e5 bxc5 28.
Rxc5 f6 29. Qc4+ Kh8 30. Rxc6 Qxe5 31. Rd1 h6 32. Qd4 Qh5 33. Rd2 Kh7 34. Kh2 Qg5
35. h4 Qa5 36. Rc5 Qb6 37. Rd5 Rd7 38. Qxb6 axb6 39. Nb5 Rb7 40. Rd7 Rfb8 41.
Rxb7 Rxb7 42. Rd6 Rb8 43. Kg3 Ra8 44. Nc3 Ra6 45. Kf4 Bc2 46. Rd4 Ra5 47. Rb4
Rf5+ 48. Kg3 Ra5 49. Kf3 Bg6 50. Rxb6 Bc2 51. Rb5 Ra8 52. a5 Bd3 53. Rc5 Ra6 54.
Ke3 Bg6 55. h5 Be8 56. Kd4 Bf7 57. Ne4 Kg8 58. Kc3 Kf8 59. Kb4 Be8 60. Nc3 Kf7
61. Nd5 Ra8 62. Nb6 Ra6 63. Nd5 Ra7 64. Rc7+ Rxc7 65. Nxc7 Bc6 66. f3 Ke7 67. Kc5
Kd7 68. Nd5 Ba8 69. Nb6+ Kc7 70. Nxa8+ Kb7 71. Nb6 Ka6 72. Nc4 f5 73. f4 Ka7 74.
Kb5 Kb7 75. a6+ Ka7 76. Na5 Ka8 77. Kb6 Kb8 78. Nb3 Ka8 79. Nc5 Kb8 80. a7+ Ka8
81. Na6 g5 82. Nc7# 1-0

[Event "C14"]
[Site "?"]
[Date "2016.08.07"]
[Round "13.1"]
[White "Teclaf, Pawel"]
[Black "Psyk, Radoslaw"]
[Result "1-0"]
[LiveChessVersion "1.4.8"]
[BlackElo "2089"]
[WhiteElo "2233"]

1. e4 {[%clk 0:03:03]} Nf6 2. e5 {[%clk 0:03:02]} Nd5 {[%clk 0:03:03]} 3. d4
{[%clk 0:03:01]} d6 {[%clk 0:03:05]} 4. Nf3 {[%clk 0:03:01]} dxe5
{[%clk 0:03:06]} 5. Nxe5 {[%clk 0:02:59]} c6 {[%clk 0:03:07]} 6. Be2
{[%clk 0:02:50]} Bf5 {[%clk 0:03:06]} 7. O-O {[%clk 0:02:50]} Nd7
{[%clk 0:03:08]} 8. Nf3 {[%clk 0:02:46]} e6 {[%clk 0:03:07]} 9. Re1
{[%clk 0:02:41]} Bd6 {[%clk 0:03:05]} 10. Bf1 {[%clk 0:02:38]} O-O
{[%clk 0:03:02]} 11. c4 {[%clk 0:02:29]} Nb4 {[%clk 0:02:31]} 12. Na3 Bg4 13. Bd2
{[%clk 0:02:09]} a5 {[%clk 0:02:28]} 14. Be2 {[%clk 0:01:48]} Bxf3
{[%clk 0:01:20]} 15. Bxf3 {[%clk 0:01:48]} Qh4 {[%clk 0:01:18]} 16. g3
{[%clk 0:01:40]} Qf6 {[%clk 0:00:57]} 17. Bc3 {[%clk 0:01:24]} Rad8
{[%clk 0:00:36]} 18. Qe2 {[%clk 0:01:01]} Rfe8 {[%clk 0:00:29]} 19. c5
{[%clk 0:01:01]} Bb8 {[%clk 0:00:20]} 20. Nc4 {[%clk 0:01:00]} Nd5
{[%clk 0:00:12]} 21. Bxa5 {[%clk 0:00:59]} Rc8 {[%clk 0:00:10]} 22. Rad1
{[%clk 0:00:52]} e5 {[%clk 0:00:08]} 23. Bxd5 {[%clk 0:00:48]} cxd5
{[%clk 0:00:09]} 24. Nxe5 {[%clk 0:00:43]} Nxe5 {[%clk 0:00:08]} 25. dxe5
{[%clk 0:00:45]} Rxe5 {[%clk 0:00:06]} 26. Qd2 {[%clk 0:00:40]} 1-0

[Event "C14"]
[Site "?"]
[Date "2016.08.07"]
[Round "13.2"]
[White "Pacan-milej, Kosma"]
[Black "Kosakowski, Jakub"]
[Result "0-1"]
[LiveChessVersion "1.4.8"]
[BlackElo "2191"]
[WhiteElo "1703"]

1. d4 {[%clk 0:03:03]} Nf6 {[%clk 0:03:04]} 2. c4 {[%clk 0:03:04]} g6
{[%clk 0:03:05]} 3. f3 {[%clk 0:03:07]} d5 4. cxd5 Nxd5 {[%clk 0:03:08]} 5. e4
{[%clk 0:03:09]} Nb6 6. Nc3 Bg7 {[%clk 0:03:11]} 7. Be3 {[%clk 0:03:12]} O-O
{[%clk 0:03:12]} 8. Qd2 {[%clk 0:03:13]} Nc6 {[%clk 0:03:13]} 9. O-O-O Qd6 10.
Kb1 {[%clk 0:03:11]} Rd8 {[%clk 0:03:14]} 11. Nb5 {[%clk 0:03:07]} Qd7
{[%clk 0:03:15]} 12. d5 {[%clk 0:03:08]} Ne5 {[%clk 0:03:16]} 13. Qc1
{[%clk 0:01:44]} c6 {[%clk 0:03:17]} 14. Nc3 {[%clk 0:01:15]} Qe8
{[%clk 0:03:18]} 15. dxc6 {[%clk 0:00:42]} Rxd1 {[%clk 0:03:18]} 16. Qxd1
{[%clk 0:00:40]} bxc6 {[%clk 0:03:19]} 17. Nge2 {[%clk 0:00:29]} Rb8
{[%clk 0:03:11]} 18. Bc1 {[%clk 0:00:17]} Ba6 {[%clk 0:02:50]} 19. Nf4 Bxf1 20.
Rxf1 Nec4 {[%clk 0:02:41]} 21. Nd3 {[%clk 0:00:09]} Bxc3 {[%clk 0:02:31]} 22.
bxc3 {[%clk 0:00:11]} Nd5+ {[%clk 0:02:32]} 23. Ka1 {[%clk 0:00:07]} Nxc3
{[%clk 0:02:32]} 0-1

[Event "C14"]
[Site "?"]
[Date "2016.08.07"]
[Round "13.3"]
[White "Mis, Mieszko"]
[Black "Szpar, Milosz"]
[Result "1/2-1/2"]
[LiveChessVersion "1.4.8"]
[BlackElo "2000"]
[WhiteElo "1863"]

1. d4 {[%clk 0:03:03]} Nf6 {[%clk 0:03:01]} 2. Nf3 {[%clk 0:03:05]} g6
{[%clk 0:02:47]} 3. g3 {[%clk 0:03:05]} Bg7 {[%clk 0:02:48]} 4. Bg2
{[%clk 0:03:06]} O-O {[%clk 0:02:48]} 5. O-O {[%clk 0:03:06]} d6 {[%clk 0:02:43]}
6. c4 {[%clk 0:03:08]} c5 {[%clk 0:02:43]} 7. Nc3 {[%clk 0:02:58]} Nc6
{[%clk 0:02:29]} 8. d5 {[%clk 0:02:55]} Na5 {[%clk 0:02:30]} 9. Nd2
{[%clk 0:02:56]} a6 {[%clk 0:02:08]} 10. a3 {[%clk 0:02:55]} b5 {[%clk 0:02:00]}
11. cxb5 {[%clk 0:02:43]} axb5 {[%clk 0:02:01]} 12. Nxb5 {[%clk 0:02:34]} Ba6
{[%clk 0:02:02]} 13. Nc3 {[%clk 0:02:35]} Rb8 {[%clk 0:01:59]} 14. Re1
{[%clk 0:02:34]} e6 {[%clk 0:01:34]} 15. dxe6 {[%clk 0:01:54]} fxe6
{[%clk 0:01:36]} 16. e4 {[%clk 0:01:55]} Nd7 1/2-1/2

[Event "C14"]
[Site "?"]
[Date "2016.08.07"]
[Round "13.4"]
[White "Kokoszczynski, Jan"]
[Black "Kozak, Antoni"]
[Result "1/2-1/2"]
[LiveChessVersion "1.4.8"]
[BlackElo "1772"]
[WhiteElo "1837"]

1. Nf3 {[%clk 0:03:03]} Nf6 {[%clk 0:03:02]} 2. c4 {[%clk 0:03:01]} c5
{[%clk 0:03:01]} 3. g3 {[%clk 0:03:01]} d5 {[%clk 0:03:02]} 4. cxd5
{[%clk 0:02:58]} Nxd5 {[%clk 0:03:02]} 5. Bg2 {[%clk 0:02:58]} Nc6
{[%clk 0:03:04]} 6. O-O {[%clk 0:02:55]} e5 {[%clk 0:03:05]} 7. d3
{[%clk 0:02:55]} Be7 {[%clk 0:03:04]} 8. Nc3 {[%clk 0:02:56]} Be6
{[%clk 0:03:05]} 9. Nxd5 {[%clk 0:02:50]} Bxd5 {[%clk 0:03:05]} 10. Be3
{[%clk 0:02:51]} O-O {[%clk 0:03:00]} 11. Nd2 {[%clk 0:02:53]} Bxg2
{[%clk 0:02:58]} 12. Kxg2 {[%clk 0:02:54]} Nd4 {[%clk 0:02:45]} 13. Bxd4
{[%clk 0:02:04]} exd4 {[%clk 0:02:45]} 14. a4 {[%clk 0:01:46]} Qd5+
{[%clk 0:02:39]} 15. Kg1 {[%clk 0:01:44]} Rfe8 {[%clk 0:02:40]} 16. Qb3
{[%clk 0:01:08]} Qd7 {[%clk 0:02:26]} 17. Rfe1 {[%clk 0:00:56]} Bf8
{[%clk 0:02:25]} 18. Rac1 {[%clk 0:00:55]} Re6 {[%clk 0:02:15]} 19. Ne4
{[%clk 0:00:55]} b6 {[%clk 0:02:14]} 20. Qc4 {[%clk 0:00:40]} Rh6
{[%clk 0:01:55]} 21. h4 {[%clk 0:00:19]} Re8 {[%clk 0:01:42]} 22. Kh2
{[%clk 0:00:18]} Bd6 {[%clk 0:01:19]} 23. Nxd6 {[%clk 0:00:11]} Qxd6 24. Kg2 Rhe6
{[%clk 0:01:17]} 25. Qc2 {[%clk 0:00:09]} Qe7 {[%clk 0:01:07]} 26. a5
{[%clk 0:00:04]} Rxe2 {[%clk 0:01:02]} 27. Rxe2 Qxe2 {[%clk 0:01:02]} 28. Qxe2
{[%clk 0:00:04]} Rxe2 {[%clk 0:01:03]} 29. axb6 {[%clk 0:00:05]} axb6
{[%clk 0:01:04]} 30. b4 {[%clk 0:00:06]} g6 {[%clk 0:00:54]} 31. bxc5
{[%clk 0:00:07]} bxc5 {[%clk 0:00:55]} 32. Rxc5 {[%clk 0:00:08]} Rd2
{[%clk 0:00:56]} 33. Kf3 {[%clk 0:00:05]} Rxd3+ 34. Ke4 Rd2 {[%clk 0:00:57]} 35.
Rd5 {[%clk 0:00:07]} Rxf2 {[%clk 0:00:52]} 36. Rxd4 {[%clk 0:00:08]} Kg7
{[%clk 0:00:53]} 37. Rd6 {[%clk 0:00:07]} Rf6 {[%clk 0:00:53]} 38. Rd7
{[%clk 0:00:07]} h5 {[%clk 0:00:52]} 39. Ke3 {[%clk 0:00:08]} Kh6
{[%clk 0:00:45]} 40. Rd5 {[%clk 0:00:09]} Rf1 {[%clk 0:00:29]} 41. Ra5
{[%clk 0:00:10]} Kg7 {[%clk 0:00:29]} 42. Ra6 {[%clk 0:00:11]} Rf5
{[%clk 0:00:27]} 43. Rb6 {[%clk 0:00:09]} Rf6 {[%clk 0:00:16]} 44. Rb5
{[%clk 0:00:11]} Re6+ {[%clk 0:00:17]} 45. Kf3 {[%clk 0:00:12]} Kf6
{[%clk 0:00:18]} 46. Ra5 {[%clk 0:00:12]} Rb6 {[%clk 0:00:19]} 47. Rc5
{[%clk 0:00:13]} Rb3+ {[%clk 0:00:16]} 48. Kf2 {[%clk 0:00:14]} Kg7
{[%clk 0:00:17]} 49. Ra5 {[%clk 0:00:13]} Kh6 {[%clk 0:00:17]} 50. Rc5
{[%clk 0:00:14]} f6 {[%clk 0:00:18]} 51. Ra5 {[%clk 0:00:14]} g5 {[%clk 0:00:16]}
52. hxg5+ {[%clk 0:00:15]} fxg5 53. Ra6+ Kg7 {[%clk 0:00:18]} 54. Kg2
{[%clk 0:00:16]} Rb4 {[%clk 0:00:12]} 55. Rc6 {[%clk 0:00:16]} Rb2+
{[%clk 0:00:08]} 56. Kf3 {[%clk 0:00:17]} Rb3+ {[%clk 0:00:09]} 57. Kg2
{[%clk 0:00:18]} Rd3 {[%clk 0:00:10]} 58. Ra6 {[%clk 0:00:18]} Rd5
{[%clk 0:00:11]} 59. Kf3 {[%clk 0:00:18]} Rf5+ {[%clk 0:00:12]} 60. Kg2
{[%clk 0:00:19]} Rf6 {[%clk 0:00:13]} 61. Ra5 {[%clk 0:00:19]} Kg6
{[%clk 0:00:14]} 62. Rb5 {[%clk 0:00:20]} Rc6 {[%clk 0:00:13]} 63. Ra5
{[%clk 0:00:20]} Rc2+ {[%clk 0:00:13]} 64. Kf3 {[%clk 0:00:19]} Rc3+
{[%clk 0:00:15]} 65. Kg2 {[%clk 0:00:19]} Rc6 {[%clk 0:00:12]} 66. Rb5
{[%clk 0:00:20]} Re6 {[%clk 0:00:13]} 67. Ra5 {[%clk 0:00:21]} Kf6
{[%clk 0:00:14]} 68. Rb5 {[%clk 0:00:23]} Re5 {[%clk 0:00:15]} 69. Rb6+
{[%clk 0:00:24]} Kf5 {[%clk 0:00:16]} 70. Rb2 {[%clk 0:00:22]} Re4
{[%clk 0:00:15]} 71. Rb5+ {[%clk 0:00:22]} Kg4 {[%clk 0:00:16]} 72. Rb2
{[%clk 0:00:22]} Rd4 {[%clk 0:00:11]} 73. Ra2 {[%clk 0:00:23]} h4
{[%clk 0:00:09]} 74. gxh4 {[%clk 0:00:24]} Kxh4 {[%clk 0:00:10]} 75. Ra3
{[%clk 0:00:25]} Rd2+ {[%clk 0:00:10]} 76. Kg1 {[%clk 0:00:25]} g4
{[%clk 0:00:11]} 77. Rb3 {[%clk 0:00:23]} Rd5 {[%clk 0:00:11]} 78. Ra3
{[%clk 0:00:22]} Rf5 {[%clk 0:00:12]} 79. Rb3 {[%clk 0:00:20]} g3
{[%clk 0:00:09]} 80. Rb8 {[%clk 0:00:21]} Kg4 {[%clk 0:00:09]} 81. Rg8+
{[%clk 0:00:22]} Kf3 {[%clk 0:00:10]} 82. Ra8 {[%clk 0:00:10]} g2
{[%clk 0:00:06]} 1/2-1/2

[Event "C14"]
[Site "?"]
[Date "2016.08.07"]
[Round "13.5"]
[White "Kucharski, Bartlomiej"]
[Black "Ochowicz, Jakub"]
[Result "0-1"]
[LiveChessVersion "1.4.8"]
[BlackElo "1786"]
[WhiteElo "1590"]

1. e4 c6 2. d4 d5 3. exd5 cxd5 4. c3 Nc6 5. Bd3 Nf6 6. Bf4 Bg4 7. Qc2 e6 8. Nd2
Be7 9. h3 Bh5 10. Ngf3 Bg6 11. Ne5 Nxe5 12. Bxe5 O-O 13. O-O Nd7 14. Bg3 Rc8 15.
Bxg6 hxg6 16. Nf3 a6 17. Ne5 Nxe5 18. Bxe5 Bf6 19. Qe2 b5 20. Bxf6 gxf6 21. a4
Qb6 22. axb5 axb5 23. Rfc1 Ra8 24. Qc2 b4 25. h4 bxc3 26. bxc3 Rxa1 27. Rxa1 Rc8
28. Rc1 Kg7 29. Qd3 Qb2 30. Rc2 Qb1+ 31. Kh2 Rh8 32. g3 g5 33. Qe2 gxh4 34. Rb2
hxg3+ 35. Kxg3 Qg6+ 36. Qg4 Rc8 37. Rc2 Qxg4+ 38. Kxg4 Kg6 39. f4 f5+ 40. Kf3 Kf6
41. Rc1 Rc4 42. Ke3 Ra4 43. Kd3 Ra2 44. Rh1 Rg2 45. Rh6+ Kg7 46. Rh1 Rg3+ 47. Kc2
Rf3 48. Rh4 Kg6 49. Kd2 f6 50. Kc2 Rg3 51. Rh1 Rf3 52. Rh4 Rf2+ 53. Kd3 Rf3+ 54.
Kc2 Kg7 55. Kd2 Kf7 56. Rh7+ Ke8 57. Rh4 Ke7 58. Kc2 Kd6 59. Kd2 Kc6 60. Kc2 Kb5
61. Rh6 Rxf4 62. Rxf6 Re4 63. Kd3 Kc6 64. Rf8 Kd7 65. Rf7+ Kd6 66. Rf8 Rh4 67.
Rd8+ Ke7 68. Ra8 Rh3+ 69. Kd2 Kf6 70. Rf8+ Kg5 71. Rg8+ Kf4 72. Rg6 Rh2+ 73. Kd3
Rh3+ 74. Kd2 Re3 75. Rg8 Re4 76. Kd3 Kf3 77. Rf8 f4 78. Rf6 Re3+ 79. Kd2 Re4 80.
Kd3 Kg4 81. Rg6+ Kf5 82. Rg8 Kf6 83. Rf8+ Ke7 84. Rg8 Re3+ 85. Kd2 Rh3 86. Rg4
Rf3 87. Ke2 Rxc3 88. Rxf4 Kd6 89. Kd2 Ra3 90. Rf6 Rh3 91. Ke2 Rh4 92. Kd3 Re4 93.
Rf8 Ke7 94. Ra8 Rh4 95. Ra7+ Kf6 96. Ra6 Kf5 97. Ra8 Rh3+ 98. Kd2 Ke4 99. Re8 Rh6
100. Kc3 Kf5 101. Kd3 Rh3+ 102. Kd2 Ra3 103. Rf8+ Ke4 104. Re8 Ra6 105. Kc3 Rc6+
106. Kd2 Kxd4 107. Re7 e5 108. Rh7 e4 109. Ra7 Rh6 110. Ra4+ Ke5 111. Ra5 Rh2+
112. Ke3 Rh3+ 113. Ke2 Rb3 114. Ra8 Rb4 115. Re8+ Kd4 116. Rd8 Rb2+ 117. Kd1 Kc4
118. Rc8+ Kd3 119. Kc1 Rh2 120. Rd8 d4 121. Rf8 Rh1+ 122. Kb2 e3 123. Re8 e2 124.
Kb3 e1=Q 125. Rxe1 Rxe1 126. Kb4 Rb1+ 127. Kc5 Kc3 128. Kd5 d3 129. Kd4+ 0-1

[Event "C14"]
[Site "?"]
[Date "2016.08.07"]
[Round "14.1"]
[White "Psyk, Radoslaw"]
[Black "Teclaf, Pawel"]
[Result "1/2-1/2"]
[LiveChessVersion "1.4.8"]
[BlackElo "2233"]
[WhiteElo "2089"]

1. e4 {[%clk 0:03:01]} e6 {[%clk 0:03:03]} 2. d4 {[%clk 0:02:58]} d5
{[%clk 0:03:04]} 3. exd5 {[%clk 0:02:54]} exd5 {[%clk 0:03:05]} 4. Nf3
{[%clk 0:02:53]} Nf6 {[%clk 0:03:03]} 5. Bd3 {[%clk 0:02:51]} Bd6 6. O-O
{[%clk 0:02:50]} O-O {[%clk 0:03:01]} 7. Bg5 {[%clk 0:02:45]} Bg4
{[%clk 0:02:53]} 8. Nbd2 {[%clk 0:02:30]} Nbd7 {[%clk 0:02:54]} 9. h3
{[%clk 0:02:31]} Bh5 {[%clk 0:02:54]} 10. c4 {[%clk 0:02:22]} Be7
{[%clk 0:02:19]} 11. Re1 {[%clk 0:02:07]} Re8 {[%clk 0:02:00]} 12. Qb3
{[%clk 0:02:02]} dxc4 {[%clk 0:01:42]} 13. Bxc4 {[%clk 0:01:46]} Nb6
{[%clk 0:01:38]} 14. Ne5 {[%clk 0:01:23]} Nxc4 {[%clk 0:01:37]} 15. Qxc4
{[%clk 0:01:23]} Qd5 {[%clk 0:01:23]} 16. g4 {[%clk 0:00:42]} Qxc4
{[%clk 0:01:08]} 17. Ndxc4 {[%clk 0:00:39]} Bg6 {[%clk 0:01:09]} 18. Nxg6
{[%clk 0:00:35]} hxg6 {[%clk 0:01:08]} 19. Na5 {[%clk 0:00:11]} 1/2-1/2

[Event "C14"]
[Site "?"]
[Date "2016.08.07"]
[Round "14.2"]
[White "Kosakowski, Jakub"]
[Black "Pacan-milej, Kosma"]
[Result "1-0"]
[LiveChessVersion "1.4.8"]
[BlackElo "1703"]
[WhiteElo "2191"]

1. e4 {[%clk 0:03:02]} c5 {[%clk 0:03:04]} 2. Nf3 {[%clk 0:03:03]} d6
{[%clk 0:03:05]} 3. d4 {[%clk 0:03:04]} cxd4 {[%clk 0:03:06]} 4. Nxd4
{[%clk 0:03:05]} Nf6 {[%clk 0:03:07]} 5. Nc3 {[%clk 0:03:06]} a6 {[%clk 0:03:08]}
6. h3 {[%clk 0:03:05]} g6 {[%clk 0:03:09]} 7. Be3 {[%clk 0:03:01]} Bg7
{[%clk 0:03:10]} 8. Qd2 {[%clk 0:02:56]} O-O {[%clk 0:03:07]} 9. O-O-O
{[%clk 0:02:56]} Bd7 {[%clk 0:02:57]} 10. f4 {[%clk 0:02:50]} Nc6
{[%clk 0:02:46]} 11. g4 {[%clk 0:02:50]} Rc8 {[%clk 0:02:14]} 12. Kb1
{[%clk 0:02:49]} b5 {[%clk 0:02:07]} 13. Bg2 {[%clk 0:02:45]} Na5
{[%clk 0:01:35]} 14. Qf2 {[%clk 0:02:35]} Rxc3 {[%clk 0:01:03]} 15. bxc3
{[%clk 0:02:35]} Qc7 {[%clk 0:01:02]} 16. Nb3 {[%clk 0:02:26]} Nc4
{[%clk 0:00:39]} 17. Bc1 {[%clk 0:02:26]} a5 {[%clk 0:00:34]} 18. e5
{[%clk 0:02:04]} Ne8 {[%clk 0:00:26]} 19. Rhe1 {[%clk 0:01:49]} dxe5
{[%clk 0:00:20]} 20. Qc5 {[%clk 0:01:48]} Qxc5 {[%clk 0:00:12]} 21. Nxc5
{[%clk 0:01:49]} Bc8 {[%clk 0:00:13]} 22. Bc6 {[%clk 0:01:41]} Ned6
{[%clk 0:00:09]} 23. Nd7 {[%clk 0:01:37]} Bxd7 {[%clk 0:00:10]} 24. Bxd7
{[%clk 0:01:38]} exf4 {[%clk 0:00:09]} 25. Rxe7 {[%clk 0:01:37]} Bxc3
{[%clk 0:00:08]} 26. Bxf4 {[%clk 0:01:37]} Na3+ {[%clk 0:00:04]} 27. Kc1
{[%clk 0:01:37]} Ndc4 {[%clk 0:00:06]} 28. Rd3 {[%clk 0:01:36]} Bb2+
{[%clk 0:00:05]} 29. Kd1 {[%clk 0:01:37]} Bg7 {[%clk 0:00:06]} 30. Ke2
{[%clk 0:01:36]} b4 {[%clk 0:00:06]} 31. Ba4 {[%clk 0:01:37]} Nb2
{[%clk 0:00:05]} 32. Bb3 {[%clk 0:01:37]} Nxd3 {[%clk 0:00:06]} 33. Kxd3
{[%clk 0:01:39]} Nb5 {[%clk 0:00:07]} 34. Kc4 {[%clk 0:01:39]} Nc3
{[%clk 0:00:08]} 35. Kc5 {[%clk 0:01:37]} Rc8+ {[%clk 0:00:09]} 36. Kb6
{[%clk 0:01:39]} Rf8 {[%clk 0:00:09]} 37. Kxa5 {[%clk 0:01:39]} Kh8
{[%clk 0:00:07]} 38. Kxb4 {[%clk 0:01:40]} Ra8 {[%clk 0:00:05]} 39. Rxf7
{[%clk 0:01:39]} Nxa2+ {[%clk 0:00:07]} 40. Bxa2 {[%clk 0:01:40]} Rxa2
{[%clk 0:00:08]} 41. c4 {[%clk 0:01:41]} Rb2+ {[%clk 0:00:08]} 42. Kc5
{[%clk 0:01:40]} Rf2 {[%clk 0:00:06]} 43. g5 {[%clk 0:01:35]} h6 {[%clk 0:00:06]}
44. gxh6 {[%clk 0:01:35]} Bxh6 {[%clk 0:00:06]} 45. Be5+ {[%clk 0:01:36]} 1-0